| 000 | 00638nam a2200229Ia 4500 | ||
|---|---|---|---|
| 003 | OSt | ||
| 005 | 20221007081701.0 | ||
| 006 | a|||||r|||| 00| 0 | ||
| 007 | ta | ||
| 008 | 221006b |||||||| |||| 00| 0 eng d | ||
| 024 | _a12,949 | ||
| 037 | _cTextual | ||
| 040 |
_aFLL _cFLL _beng |
||
| 041 |
_2eng _aeng |
||
| 082 | _aV5:5:Z, M3 | ||
| 100 |
_aDrzemczewski Andrew Z. _9697847 |
||
| 245 | 0 | _aEuropean human rights convention in domestic law | |
| 260 |
_aOxford _bClarendon Press Oxford _c1983 |
||
| 300 |
_axiv,372p _ccm. |
||
| 942 |
_hV5:5:Z, M3 _cTEXL _2CC |
||
| 999 |
_c1163951 _d1163951 |
||